Centrist politics (Record no. 74337)

MARC details
000 -LEADER
fixed length control field 01170cab a2200241 4500
001 - CONTROL NUMBER
control field ABS67649
008 - FIXED-LENGTH DATA ELEMENTS--GENERAL INFORMATION
fixed length control field 040401n2004 000 0 eng u
035 ## - SYSTEM CONTROL NUMBER
System control number (Sirsi) u125704
100 ## - MAIN ENTRY--PERSONAL NAME
Personal name Waters, B.
245 ## - TITLE STATEMENT
Title Centrist politics
260 ## - PUBLICATION, DISTRIBUTION, ETC.
Date of publication, distribution, etc. 2004
490 ## - SERIES STATEMENT
Series statement Architects' Journal
Volume/sequential designation 219(12) 25 March 2004, 85(1)
520 ## - SUMMARY, ETC.
Summary, etc. Highlights how the new draft Planning Policy Statement 1: "Creating sustainable communities" gives housing and offices equal emphasis with retail and has been launched for consultation. Planning Policy Statement 6: "Planning for town centres" has also been published, proposing a more positive approach to planning at regional and local level, a concentration on planning for growth, the accommodation of large-scale retail development and tackling social exclusion, deprivation and lack of choice.
590 ## - LOCAL NOTE (RLIN)
Local note ABS
650 ## - SUBJECT ADDED ENTRY--TOPICAL TERM
Topical term or geographic name entry element PLANNING POLICY STATEMENT ONE
650 ## - SUBJECT ADDED ENTRY--TOPICAL TERM
Topical term or geographic name entry element PLANNING POLICY STATEMENT 6
650 ## - SUBJECT ADDED ENTRY--TOPICAL TERM
Topical term or geographic name entry element SUSTAINABLE COMMUNITIES
650 ## - SUBJECT ADDED ENTRY--TOPICAL TERM
Topical term or geographic name entry element TOWN CENTRES
650 ## - SUBJECT ADDED ENTRY--TOPICAL TERM
Topical term or geographic name entry element HOUSING DEVELOPMENTS
650 ## - SUBJECT ADDED ENTRY--TOPICAL TERM
Topical term or geographic name entry element RETAIL DEVELOPMENTS
690 ## - LOCAL SUBJECT ADDED ENTRY--TOPICAL TERM (OCLC, RLIN)
Topical term or geographic name as entry element ENVIRONMENTAL AND LAND CONSULTANCY-PLANNING AND DEVELOPMENT
942 ## - ADDED ENTRY ELEMENTS (KOHA)
Suppress in OPAC 0
Holdings
Withdrawn status Lost status Source of classification or shelving scheme Damaged status Not for loan Home library Current library Shelving location Date acquired Total Checkouts Full call number Barcode Date last seen Copy number Price effective from Koha item type
    Dewey Decimal Classification     London London Journal article 01/04/2004   ABS67649 125704-1001 06/08/2019 1 06/08/2019 Journal article